[Event "Champ FRA - Under 12"]
[Site "Europe Echecs"]
[Date "2020.07.08"]
[Round "6"]
[White "LovichiRaphael"]
[Black "YuMatthieu"]
[Result "0-1"]
[WhiteElo "1406"]
[BlackElo "1250"]
[PlyCount "94"]
[EventDate "2020.??.??"]

1. e4 e6 2. d4 d5 3. Nd2 dxe4 4. Nxe4 Nd7 5. Nf3 Ngf6 6. Bd3 Be7 7. c3 Nxe4 8.
Bxe4 Nf6 9. Bd3 O-O 10. O-O c5 11. dxc5 Bxc5 12. Qe2 Qc7 13. Bg5 Be7 14. Bxf6
Bxf6 15. Qe4 g6 16. Rfd1 Bd7 17. Bc2 Bc6 18. Qe2 Qb6 19. Bb3 Rfe8 20. Ne5 Bxe5
21. Qxe5 a5 22. Rab1 a4 23. Bc2 Red8 24. b3 Rxd1+ 25. Rxd1 axb3 26. Bxb3 Rd8
27. Rxd8+ Qxd8 28. Qd4 Qg5 29. g3 Qc1+ 30. Qd1 Qxc3 31. h4 Qe5 32. Qf1 Qe4 33.
Kh2 f5 34. Bd1 f4 35. f3 Qf5 36. g4 Qf6 37. Kh3 g5 38. h5 Qc3 39. Qe2 Bd5 40.
Kg2 Kf7 41. Bc2 h6 42. Bg6+ Kf6 43. Bd3 e5 44. Bf5 Qa3 45. Qd1 Qxa2+ 46. Kh3
Qb3 47. Kg2 Qxd1 {LovichiRaphael a abandonné} 0-1

[Event "Champ FRA - Under 12"]
[Site "Europe Echecs"]
[Date "2020.07.08"]
[Round "6"]
[White "DoucetPierreAl"]
[Black "PalmasAdriana"]
[Result "1-0"]
[WhiteElo "1177"]
[BlackElo "1380"]
[PlyCount "125"]
[EventDate "2020.??.??"]

1. e4 e5 2. Nf3 Nc6 3. Bb5 a6 4. Ba4 b5 5. Bb3 Nf6 6. O-O Bc5 7. Re1 O-O 8. c3
d6 9. d4 exd4 10. cxd4 Bb6 11. Nc3 h6 12. e5 dxe5 13. dxe5 Qxd1 14. Rxd1 Ng4
15. Ne4 Ngxe5 16. Nxe5 Nxe5 17. Bf4 Nc6 18. Bd5 Bb7 19. Rac1 Rfe8 20. Ng3 Rab8
21. Bxc6 Re6 22. Bxb7 Rxb7 23. Re1 Rf6 24. Be3 Ba5 25. Red1 Rb8 26. Ne4 Re6 27.
Nc5 Rg6 28. Nxa6 Re8 29. Nxc7 Re7 30. Nxb5 Rb7 31. a4 Kh7 32. g3 Re7 33. Bc5
Re2 34. Nd4 Rxb2 35. Rb1 Rc2 36. Nxc2 Rc6 37. Rb5 Bc3 38. Nb4 Rf6 39. Nd5 Rf3
40. Rb3 Rf5 41. Rxc3 Re5 42. Re3 Rg5 43. h4 Rg6 44. Ne7 Ra6 45. Rd4 Rf6 46. Nd5
Rf5 47. Ree4 Rf3 48. Re3 Rf5 49. Rc3 Re5 50. f4 Re2 51. Re3 Rb2 52. Kf1 Kg6 53.
Ne7+ Kh5 54. Rd5+ Kg4 55. Ng8 Kh3 56. Rc3 Kh2 57. Bg1+ Kh3 58. Ne7 Ra2 59. Rdd3
Rxa4 60. g4+ Kxg4 61. Rg3+ Kxf4 62. Bh2 Ke4 63. Rg4# {PalmasAdriana est échec
et mat} 1-0

[Event "Champ FRA - Under 12"]
[Site "Europe Echecs"]
[Date "2020.07.08"]
[Round "6"]
[White "KechkekianChae"]
[Black "BonfilsDussaux"]
[Result "1-0"]
[WhiteElo "1366"]
[BlackElo "1240"]
[PlyCount "161"]
[EventDate "2020.??.??"]

1. e4 c5 2. Nf3 d6 3. d4 cxd4 4. Nxd4 Nf6 5. Nc3 a6 6. g3 e5 7. Nde2 Be7 8. Bg2
O-O 9. h3 Be6 10. Be3 Qc7 11. O-O Rd8 12. Nd5 Bxd5 13. exd5 Nbd7 14. b3 b5 15.
Rc1 Qa5 16. Ra1 Rac8 17. Bd2 Qc7 18. Rc1 Qb7 19. Ba5 Nb6 20. Bxb6 Qxb6 21. c4
bxc4 22. bxc4 Rc5 23. Qb3 Qa7 24. Rb1 Bf8 25. Rfc1 Rdc8 26. f4 exf4 27. Nxf4 g6
28. Kh2 Bg7 29. Nd3 R5c7 30. Bf1 Ne4 31. Rc2 Nc5 32. Nxc5 Rxc5 33. Qb6 Qxb6 34.
Rxb6 Rxd5 35. Rxa6 Rd1 36. Bg2 Be5 37. Ra3 Kf8 38. Re3 Rd4 39. c5 Ra4 40. Bb7
Rc7 41. c6 Rb4 42. Ree2 f5 43. Kg2 Ra4 44. Re3 Rb4 45. Kf3 Kf7 46. Rb3 Ra4 47.
a3 Kf6 48. Ra2 g5 49. Rb4 Ra7 50. a4 h5 51. g4 hxg4+ 52. hxg4 Rh7 53. Rg2 Rh3+
54. Ke2 Rc3 55. Kd2 Rc5 56. Rb5 Rxa4 57. Rxc5 dxc5 58. Re2 Ra2+ 59. Kd3 Ra3+
60. Kd2 fxg4 61. Rxe5 Ra2+ 62. Kc3 Kxe5 63. c7 g3 64. c8=Q g2 65. Qxc5+ Kf4 66.
Qg1 Kg3 67. Kd4 Rf2 68. Ke3 Ra2 69. Ke4 Rb2 70. Bd5 Rb4+ 71. Kf5 Rb2 72. Kxg5
Re2 73. Kf5 Rf2+ 74. Ke4 Rf1 75. Qe3+ Kh2 76. Qh6+ Kg1 77. Ke3 Re1+ 78. Kd2 Rf1
79. Qe3+ Rf2+ 80. Kd3 Kf1 81. Qc1# {BonfilsDussaux est échec et mat} 1-0

[Event "Champ FRA - Under 12"]
[Site "Europe Echecs"]
[Date "2020.07.08"]
[Round "6"]
[White "SalahYanis"]
[Black "ChevillonManon"]
[Result "0-1"]
[WhiteElo "1148"]
[BlackElo "1356"]
[PlyCount "37"]
[EventDate "2020.??.??"]

1. e4 e5 2. Nf3 Nc6 3. Bc4 Bc5 4. c3 Nf6 5. d4 exd4 6. cxd4 Bb4+ 7. Nc3 O-O 8.
Bg5 Be7 9. Nd5 Nxd5 10. Bxe7 Ndxe7 11. Qb3 Na5 12. Qb4 Nxc4 13. Qxc4 d6 14. O-O
h6 15. Rad1 Bg4 16. e5 Bxf3 17. exd6 Bxd1 18. dxe7 Qxe7 19. Rxd1 {SalahYanis a
abandonné} 0-1

[Event "Champ FRA - Under 12"]
[Site "Europe Echecs"]
[Date "2020.07.08"]
[Round "6"]
[White "GuilloudRemi"]
[Black "MorinRocheHugo"]
[Result "0-1"]
[WhiteElo "1352"]
[BlackElo "1231"]
[PlyCount "106"]
[EventDate "2020.??.??"]

1. e4 e5 2. Nf3 Nc6 3. d4 exd4 4. Bc4 Nf6 5. e5 d5 6. Bb5 Ne4 7. Nxd4 Bd7 8.
O-O Nxe5 9. Bxd7+ Nxd7 10. Re1 Be7 11. c4 O-O 12. cxd5 Ndf6 13. Nf5 Bc5 14. Be3
Bd4 15. Qxd4 Qd7 16. Bf4 Qxf5 17. Bxc7 Rac8 18. Ba5 b6 19. Bb4 Rfd8 20. d6 a5
21. Bc3 Rxd6 22. Qa4 Qxf2+ 23. Kh1 Nxc3 24. Nxc3 Rd2 25. Rg1 Rxb2 26. Ne4 Nxe4
27. Qxe4 Qe2 28. Qf5 Rf8 29. Rae1 Qf2 30. Qd5 h6 31. Rgf1 Qd2 32. Qc6 Rc2 33.
Qb7 Kh7 34. Qe4+ Kg8 35. Qb7 Rxa2 36. Re8 Rxe8 37. Qxf7+ Kh7 38. Qf5+ Kh8 39.
Qg6 Rg8 40. h3 Qg5 41. Qc6 Rb2 42. Rg1 Qf5 43. Qc3 Rb1 44. Rxb1 Qxb1+ 45. Kh2
Qb4 46. Qxb4 axb4 47. h4 Rc8 48. h5 b3 49. g4 b2 50. Kh3 b1=Q 51. g5 Qg1 52. g6
Rc3+ 53. Kh4 Qd4# {GuilloudRemi est échec et mat} 0-1

[Event "Champ FRA - Under 12"]
[Site "Europe Echecs"]
[Date "2020.07.08"]
[Round "6"]
[White "SchutzBastien"]
[Black "RaykoAlexis"]
[Result "0-1"]
[WhiteElo "1343"]
[BlackElo "1214"]
[PlyCount "118"]
[EventDate "2020.??.??"]

1. d4 Nf6 2. Bf4 d6 3. Nf3 g6 4. e3 b6 5. Be2 Ba6 6. Bxa6 Nxa6 7. c3 Bg7 8.
Nbd2 Qd7 9. O-O O-O 10. e4 Rad8 11. Re1 c5 12. Qc2 cxd4 13. Nxd4 Nc5 14. Rad1
e5 15. Be3 exd4 16. Bxd4 Rfe8 17. f3 d5 18. Nb3 Nxb3 19. Qxb3 Qe6 20. Bxf6 Bxf6
21. exd5 Qxe1+ 22. Rxe1 Rxe1+ 23. Kf2 Re5 24. c4 Rde8 25. Qd3 Re2+ 26. Qxe2
Rxe2+ 27. Kxe2 Bxb2 28. Kd3 Kf8 29. Kc2 Be5 30. g3 Ke7 31. Kb3 Kd6 32. Kb4 Kc7
33. c5 bxc5+ 34. Kxc5 Bd6+ 35. Kb5 Kb7 36. f4 f5 37. h3 h6 38. a4 g5 39. fxg5
a6+ 40. Kc4 hxg5 41. g4 f4 42. a5 f3 43. Kd3 f2 44. Ke2 Bg3 45. Kf1 Kc7 46. Kg2
Kd6 47. Kf1 Kxd5 48. Kg2 Kc5 49. Kf1 Kb5 50. Kg2 Kxa5 51. Kf1 Kb4 52. Kg2 a5
53. h4 Bxh4 54. Kf1 a4 55. Ke2 a3 56. Kf1 a2 57. Kg2 a1=Q 58. Kh2 Qg1+ 59. Kh3
Qg3# {SchutzBastien est échec et mat} 0-1

[Event "Champ FRA - Under 12"]
[Site "Europe Echecs"]
[Date "2020.07.08"]
[Round "6"]
[White "LombartRemi"]
[Black "RosuAndrei"]
[Result "1-0"]
[WhiteElo "1100"]
[BlackElo "1342"]
[PlyCount "39"]
[EventDate "2020.??.??"]

1. e4 e5 2. Nf3 Nc6 3. Bc4 Bc5 4. c3 d6 5. d4 exd4 6. cxd4 Bb4+ 7. Bd2 Bxd2+ 8.
Nbxd2 Nf6 9. O-O O-O 10. h3 Re8 11. Re1 a6 12. Ng5 d5 13. exd5 Rxe1+ 14. Qxe1
Ne7 15. d6 Qxd6 16. Nxf7 Qxd4 17. Qxe7 Qxd2 18. Nh6+ Kh8 19. Qf8+ Ng8 20. Qxg8#
{RosuAndrei est échec et mat} 1-0

[Event "Champ FRA - Under 12"]
[Site "Europe Echecs"]
[Date "2020.07.08"]
[Round "6"]
[White "BiardNoah"]
[Black "DeNaveJulien"]
[Result "1-0"]
[WhiteElo "1339"]
[BlackElo "1177"]
[PlyCount "89"]
[EventDate "2020.??.??"]

1. e4 c5 2. Nf3 d6 3. d4 cxd4 4. Nxd4 Nf6 5. Nc3 e6 6. Be3 a6 7. f3 Be7 8. Qd2
b5 9. Be2 Bb7 10. O-O O-O 11. a4 bxa4 12. Nxa4 Nc6 13. Nxc6 Bxc6 14. Nb6 Rb8
15. Rxa6 Nd7 16. Nxd7 Qxd7 17. b3 d5 18. exd5 Bxd5 19. c4 Bc6 20. Qxd7 Bxd7 21.
Ra7 Rfd8 22. Rd1 Rxb3 23. Raxd7 Rxd7 24. Rxd7 Ba3 25. Bc1 g6 26. Bxa3 Rxa3 27.
Kf2 Kf8 28. Kg3 Ra2 29. Bd3 f5 30. Kf4 Ra5 31. Rxh7 e5+ 32. Kg5 Ra6 33. Rh6 Kg7
34. Bxf5 e4 35. fxe4 Kf7 36. Rxg6 Rxg6+ 37. Bxg6+ Ke6 38. c5 Ke5 39. c6 Kd6 40.
Be8 Kc7 41. e5 Kc8 42. e6 Kd8 43. Kf6 Kxe8 44. c7 Kf8 45. c8=Q# {DeNaveJulien
est échec et mat} 1-0

[Event "Champ FRA - Under 12"]
[Site "Europe Echecs"]
[Date "2020.07.08"]
[Round "6"]
[White "ClaverieGabrie"]
[Black "LorhoJade"]
[Result "0-1"]
[WhiteElo "1069"]
[BlackElo "1335"]
[PlyCount "46"]
[EventDate "2020.??.??"]

1. e4 e5 2. Nf3 Nc6 3. Bb5 Bc5 4. O-O Nf6 5. Re1 O-O 6. c3 d6 7. h3 Re8 8. d4
exd4 9. cxd4 Bb4 10. Bd2 Bxd2 11. Nbxd2 a6 12. Ba4 b5 13. Bb3 Bb7 14. Qc2 Ne7
15. Rac1 Rc8 16. a3 Ng6 17. Ba2 c5 18. dxc5 Rxc5 19. Qb3 Rf8 20. Rxc5 dxc5 21.
Ng5 Qxd2 22. Rd1 Qxg5 23. e5 Qxg2# {ClaverieGabrie est échec et mat} 0-1

[Event "Champ FRA - Under 12"]
[Site "Europe Echecs"]
[Date "2020.07.08"]
[Round "6"]
[White "GuertonDimitri"]
[Black "BaudouinMoise"]
[Result "0-1"]
[WhiteElo "1334"]
[BlackElo "1135"]
[PlyCount "44"]
[EventDate "2020.??.??"]

1. e4 e6 2. d4 d5 3. e5 c5 4. c3 Nc6 5. Nf3 Bd7 6. a3 Nh6 7. Bxh6 gxh6 8. Be2
Qa5 9. Nbd2 cxd4 10. cxd4 Ne7 11. b4 Qa4 12. Qxa4 Bxa4 13. Rc1 Nf5 14. O-O a5
15. b5 Be7 16. Nb1 O-O 17. Nc3 Bb3 18. Nd2 Bxa3 19. Rb1 Bc2 20. Rbe1 Bb4 21.
Rc1 Nxd4 22. Na2 Nxe2+ {GuertonDimitri a abandonné} 0-1

[Event "Champ FRA - Under 12"]
[Site "Europe Echecs"]
[Date "2020.07.08"]
[Round "6"]
[White "KarushkovNguye"]
[Black "LedouxHugo"]
[Result "1-0"]
[WhiteElo "1013"]
[BlackElo "1322"]
[PlyCount "85"]
[EventDate "2020.??.??"]

1. e4 d5 2. exd5 Nf6 3. c4 c6 4. Nc3 cxd5 5. cxd5 e6 6. dxe6 Bxe6 7. Nf3 Nc6 8.
Bb5 Qc7 9. O-O Bd6 10. d4 O-O-O 11. d5 a6 12. Be2 Ng4 13. h3 Nf6 14. dxe6 Bh2+
15. Nxh2 Rxd1 16. Rxd1 fxe6 17. Bg5 Qe5 18. Nf3 Qf5 19. Bxf6 gxf6 20. Bd3 Qh5
21. Re1 Rg8 22. Kh1 Ne5 23. Nxe5 fxe5 24. Bc4 Qg6 25. g3 b5 26. Bf1 Qf5 27. Kg2
h5 28. a4 b4 29. Bxa6+ Kc7 30. Ne4 Kb6 31. Bd3 Rf8 32. a5+ Ka7 33. a6 Qf3+ 34.
Kg1 Qxd3 35. Rad1 Qb5 36. Nd6 Qb8 37. Rxe5 Rf6 38. Rb5 Qf8 39. Ne4 Rf5 40. Rxf5
exf5 41. Nd6 Kxa6 42. Kg2 f4 43. Ne4 {LedouxHugo a perdu au temps} 1-0

[Event "Champ FRA - Under 12"]
[Site "Europe Echecs"]
[Date "2020.07.08"]
[Round "6"]
[White "ParalieuEmma"]
[Black "KirakosyanEmil"]
[Result "0-1"]
[WhiteElo "1312"]
[BlackElo "1124"]
[PlyCount "150"]
[EventDate "2020.??.??"]

1. e4 e5 2. Nf3 Nc6 3. Bc4 Nf6 4. Ng5 d5 5. exd5 Na5 6. Bb5+ c6 7. dxc6 bxc6 8.
Qf3 Bb7 9. Ba4 h6 10. Ne4 Nxe4 11. Qxe4 Bd6 12. Nc3 O-O 13. O-O c5 14. Qe2 Qg5
15. Ne4 Qg6 16. d3 f5 17. Ng3 f4 18. Qh5 Qxh5 19. Nxh5 g6 20. Bd2 Nc6 21. Bb3+
Kh7 22. Nxf4 exf4 23. Rfe1 Rae8 24. Bc3 Be5 25. Bxe5 Rxe5 26. Rxe5 Nxe5 27. Re1
Re8 28. Kf1 Bc6 29. f3 Kg7 30. a4 Nf7 31. Rxe8 Bxe8 32. Ke2 g5 33. c3 a5 34.
Bc2 Nd6 35. d4 cxd4 36. cxd4 Nc4 37. b3 Ne3 38. Be4 Nxg2 39. d5 Bd7 40. Kd3 Ne3
41. Kc3 Kf6 42. b4 axb4+ 43. Kxb4 Ke5 44. a5 Nxd5+ 45. Bxd5 Kxd5 46. a6 Bc6 47.
a7 Ba8 48. Kc3 Kc5 49. Kd3 Bxf3 50. Kd2 Bb7 51. Ke2 Kd4 52. Kf2 Ke4 53. h3 h5
54. Kg2 g4 55. hxg4 hxg4 56. Kf2 f3 57. Kf1 Ke3 58. Kg1 f2+ 59. Kf1 Ba6+ 60.
Kg2 f1=Q+ 61. Kg3 Qf3+ 62. Kh4 Qh3+ 63. Kg5 Qf3 64. Kg6 Qb7 65. Kg5 Qxa7 66.
Kxg4 Qd7+ 67. Kg5 Qd5+ 68. Kf6 Kf4 69. Kg6 Qf5+ 70. Kh6 Qg5+ 71. Kh7 Bd3+ 72.
Kh8 Qd8+ 73. Kg7 Qe7+ 74. Kg8 Kg5 75. Kh8 Qh7# {ParalieuEmma est échec et mat}
0-1

[Event "Champ FRA - Under 12"]
[Site "Europe Echecs"]
[Date "2020.07.08"]
[Round "6"]
[White "VarinTimeo"]
[Black "DebbicheIdriss"]
[Result "1/2-1/2"]
[WhiteElo "1287"]
[BlackElo "1065"]
[PlyCount "129"]
[EventDate "2020.??.??"]

1. e4 d6 2. d4 Nf6 3. Nc3 g6 4. Be3 Bg7 5. Qd2 O-O 6. f3 Nc6 7. g4 a6 8. h4 h5
9. gxh5 Nxh5 10. Nge2 b5 11. O-O-O b4 12. Nd5 Rb8 13. Ndf4 Nf6 14. h5 e5 15.
Nxg6 fxg6 16. hxg6 Ne7 17. Rg1 exd4 18. Bh6 Qe8 19. Bxg7 Kxg7 20. Nf4 Rh8 21.
Bc4 c5 22. Bf7 Qf8 23. Rh1 Bd7 24. Rh2 Rxh2 25. Qxh2 Qh8 26. Qg2 Qh6 27. Qg3
Rh8 28. Kb1 Qh4 29. Qxh4 Rxh4 30. Ne6+ Bxe6 31. Bxe6 Nxg6 32. Rg1 Kh7 33. Bf5
Rh6 34. Kc1 Nh5 35. Kd2 Ng7 36. Rxg6 Rxg6 37. Bxg6+ Kxg6 38. Kd3 Ne6 39. Kc4
Nf4 40. a3 bxa3 41. bxa3 Kg5 42. Kb3 Kh4 43. Ka4 Ne6 44. Ka5 Nc7 45. Kb6 Ne6
46. Kxa6 Kg3 47. Kb6 Kxf3 48. a4 Kxe4 49. a5 d3 50. cxd3+ Kxd3 51. a6 c4 52. a7
c3 53. a8=Q c2 54. Qd5+ Kc3 55. Qc6+ Nc5 56. Qf3+ Nd3 57. Qf6+ Kd2 58. Qg5+ Kd1
59. Qg1+ Kd2 60. Qg2+ Kd1 61. Qf1+ Ne1 62. Qc4 c1=Q 63. Qxc1+ Kxc1 64. Kc6 d5
65. Kxd5 {Aucun joueur n'a le mat&eacute;riel pour mater} 1/2-1/2

[Event "Champ FRA - Under 12"]
[Site "Europe Echecs"]
[Date "2020.07.08"]
[Round "6"]
[White "GreisslerRapha"]
[Black "LamorelleAlexe"]
[Result "1-0"]
[WhiteElo "1285"]
[BlackElo "1009"]
[PlyCount "125"]
[EventDate "2020.??.??"]

1. e4 e5 2. Nf3 Nc6 3. Bc4 Bc5 4. c3 Nf6 5. d3 d5 6. exd5 Nxd5 7. Qb3 Be6 8.
O-O O-O 9. Qc2 Qd7 10. b4 Bb6 11. b5 Nce7 12. Nxe5 Qd6 13. d4 f6 14. Ba3 Qd8
15. Nf3 Qe8 16. Qe4 Qf7 17. Bxe7 Qxe7 18. Bxd5 Rfe8 19. Re1 Kf7 20. Bxe6+ Qxe6
21. Qxe6+ Rxe6 22. Rxe6 Kxe6 23. Nbd2 c5 24. Nc4 cxd4 25. Nxd4+ Bxd4 26. cxd4
Kd5 27. Ne3+ Kxd4 28. Rd1+ Kc5 29. Rd7 Rc8 30. Kf1 Kxb5 31. Rxb7+ Kc6 32. Rxg7
Kd6 33. Rxh7 Rc1+ 34. Ke2 Ra1 35. Rxa7 Rc1 36. h4 Rh1 37. g3 Ke5 38. a4 f5 39.
Ra5+ Kf6 40. Rxf5+ Kg6 41. a5 Ra1 42. g4 Kg7 43. g5 Kg6 44. Rd5 Ra2+ 45. Kf3
Ra1 46. Rd6+ Kf7 47. h5 Rxa5 48. g6+ Kg7 49. Rd7+ Kh6 50. g7 Rg5 51. Ng4+ Kxh5
52. Nf6+ Kh6 53. g8=Q Rxg8 54. Nxg8+ Kg6 55. Rd5 Kf7 56. Kg4 Ke6 57. Ra5 Kd6
58. f4 Ke6 59. f5+ Kf7 60. Ra7+ Kf8 61. Kg5 Ke8 62. Kg6 Kf8 63. Ra8# {
LamorelleAlexe est échec et mat} 1-0

[Event "Champ FRA - Under 12"]
[Site "Europe Echecs"]
[Date "2020.07.08"]
[Round "6"]
[White "HenadciIlyan"]
[Black "FontaineMaelys"]
[Result "1-0"]
[WhiteElo "1191"]
[BlackElo "1500"]
[PlyCount "53"]
[EventDate "2020.??.??"]

1. e4 c6 2. d4 d5 3. exd5 cxd5 4. c4 Nf6 5. Nc3 Nc6 6. Bg5 h6 7. Bh4 g5 8. Bg3
Bf5 9. Nf3 Bg7 10. b3 O-O 11. Bd3 Bh7 12. Bxh7+ Kxh7 13. Qd3+ Kg8 14. O-O e6
15. Rfe1 Nh5 16. cxd5 exd5 17. Be5 Bxe5 18. Nxe5 Nxe5 19. Rxe5 Qf6 20. Nxd5 Qc6
21. Ne7+ Kg7 22. Nxc6 bxc6 23. h4 gxh4 24. Rxh5 Rfe8 25. Qd2 Rad8 26. Qxh6+ Kg8
27. Qh8# {FontaineMaelys est échec et mat} 1-0

[Event "Champ FRA - Under 12"]
[Site "Europe Echecs"]
[Date "2020.07.08"]
[Round "6"]
[White "PaineauMael"]
[Black "FamelDiane"]
[Result "0-1"]
[WhiteElo "1121"]
[BlackElo "1366"]
[PlyCount "184"]
[EventDate "2020.??.??"]

1. e4 c5 2. b3 Nc6 3. Bb2 d6 4. Nf3 Nf6 5. Nc3 g6 6. Bb5 Bd7 7. d3 Bg7 8. Nd5
e6 9. Nxf6+ Bxf6 10. Bxf6 Qxf6 11. O-O O-O 12. Qe2 Rfe8 13. Rfe1 d5 14. e5 Qf5
15. a4 a6 16. Bxc6 Bxc6 17. d4 cxd4 18. Nxd4 Qf4 19. Nxc6 bxc6 20. Qe3 Qf5 21.
Qd3 Qg5 22. Qc3 Rec8 23. Re3 c5 24. Rg3 Qe7 25. Qd2 Qf8 26. Rh3 h5 27. Qg5 Qg7
28. Qf6 Qxf6 29. exf6 Rc6 30. Rf3 Rb8 31. h4 Rb4 32. g3 Re4 33. Kf1 e5 34. c3
d4 35. Kg2 dxc3 36. Rxc3 Rd4 37. Rac1 Rd5 38. b4 Rxf6 39. Rxc5 Rd2 40. Rxe5
Rfxf2+ 41. Kh1 Rh2+ 42. Kg1 Rdg2+ 43. Kf1 Rxg3 44. Rc4 Ra3 45. Kg1 Rd2 46. Re1
Rxa4 47. Rf4 Rb2 48. Re8+ Kg7 49. Ree4 Ra1+ 50. Rf1 Rab1 51. Rxb1 Rxb1+ 52. Kg2
Ra1 53. Kg3 f5 54. Rc4 a5 55. Rc7+ Kf6 56. Rc6+ Ke7 57. bxa5 Rxa5 58. Rxg6 Ra3+
59. Kf4 Rh3 60. Kg5 Kf7 61. Rf6+ Kg7 62. Rxf5 Rg3+ 63. Kxh5 Rg1 64. Re5 Rg2 65.
Re7+ Kf6 66. Rh7 Rh2 67. Rh6+ Kf5 68. Ra6 Kf4 69. Ra4+ Kg3 70. Rg4+ Kf3 71. Rg5
Kf4 72. Rg4+ Kf5 73. Rg5+ Kf6 74. Kg4 Rh1 75. Rf5+ Kg6 76. h5+ Kh6 77. Rf6+ Kg7
78. Rg6+ Kh7 79. Rg5 Kh6 80. Rg6+ Kh7 81. Kg5 Rg1+ 82. Kf6 Rh1 83. Rg7+ Kh6 84.
Rg8 Kh7 85. Rg7+ Kh6 86. Rg8 Kh7 87. Rg5 Rh2 88. Rg7+ Kh6 89. Kf5 Kxg7 90. Kg5
Kh7 91. Kg4 Kh6 92. Kg3 Rxh5 {PaineauMael a abandonné} 0-1

[Event "Champ FRA - Under 12"]
[Site "Europe Echecs"]
[Date "2020.07.08"]
[Round "6"]
[White "RigaudRetourne"]
[Black "RoblinOlivier"]
[Result "1-0"]
[WhiteElo "1103"]
[BlackElo "1352"]
[PlyCount "83"]
[EventDate "2020.??.??"]

1. e4 c5 2. Nf3 Nc6 3. d4 cxd4 4. Nxd4 g6 5. Nc3 Bg7 6. Be3 Nf6 7. Bc4 O-O 8.
O-O d6 9. f3 Bd7 10. Bb3 a6 11. Re1 Rc8 12. a3 Re8 13. Qd2 Nxd4 14. Bxd4 Bc6
15. Rad1 Qc7 16. Qe3 Qd7 17. Qf2 Red8 18. Bb6 Re8 19. e5 Nd5 20. Nxd5 Bxd5 21.
Bxd5 Bxe5 22. Rxe5 Qa4 23. Bxb7 Rxc2 24. Re2 Rxb2 25. Rxb2 Qxd1+ 26. Qf1 Qa4
27. Qxa6 Qd1+ 28. Qf1 Qa4 29. Qb5 Qd1+ 30. Kf2 Rf8 31. a4 h6 32. a5 h5 33. a6
Kh7 34. a7 Kh6 35. a8=Q Rxa8 36. Bxa8 h4 37. Be3+ Kh7 38. Be4 Qa1 39. Qh5+ Kg7
40. Bd4+ f6 41. Qxg6+ Kf8 42. Rb8# {RoblinOlivier est échec et mat} 1-0

[Event "Champ FRA - Under 12"]
[Site "Europe Echecs"]
[Date "2020.07.08"]
[Round "6"]
[White "GrallKewan"]
[Black "LambertHoareau"]
[Result "0-1"]
[WhiteElo "1054"]
[BlackElo "1348"]
[PlyCount "64"]
[EventDate "2020.??.??"]

1. d4 b6 2. Bf4 Bb7 3. Nf3 Nf6 4. e3 e6 5. c4 Be7 6. Nc3 c5 7. Bd3 d5 8. Qa4+
Bc6 9. Qb3 O-O 10. O-O Nbd7 11. Ne5 dxc4 12. Bxc4 Nxe5 13. Bxe5 Ng4 14. f3 Nxe5
15. dxe5 Bg5 16. f4 Be7 17. Rad1 Qc7 18. Bb5 Rfd8 19. Rxd8+ Rxd8 20. Bxc6 Qxc6
21. Rd1 Rxd1+ 22. Qxd1 b5 23. Qb3 b4 24. Ne2 Qb5 25. Qd1 g6 26. a3 bxa3 27.
bxa3 a5 28. Nc3 Qc4 29. Qc2 f6 30. exf6 Bxf6 31. Qd2 Qxc3 32. Qa2 Qe1# {
GrallKewan est échec et mat} 0-1

[Event "Champ FRA - Under 12"]
[Site "Europe Echecs"]
[Date "2020.07.08"]
[Round "6"]
[White "EhrhardEmeric"]
[Black "DaoAntoine"]
[Result "0-1"]
[WhiteElo "1096"]
[BlackElo "1330"]
[PlyCount "102"]
[EventDate "2020.??.??"]

1. d4 d5 2. c4 c6 3. e3 Nf6 4. Nc3 Bf5 5. cxd5 Nxd5 6. Nxd5 cxd5 7. Nf3 e6 8.
Ne5 Nc6 9. Bb5 Qa5+ 10. Bd2 Qxb5 11. Rc1 Nxe5 12. dxe5 Be7 13. b3 O-O 14. Bc3
Bb4 15. Bxb4 Qxb4+ 16. Qd2 Qxd2+ 17. Kxd2 Rac8 18. f3 Rfd8 19. Ke2 Rc6 20. e4
dxe4 21. fxe4 Bg6 22. Ke3 Rdc8 23. Rxc6 Rxc6 24. Rd1 Kf8 25. g4 Ke7 26. h4 f6
27. h5 Bf7 28. exf6+ gxf6 29. a4 Rc3+ 30. Rd3 Rxd3+ 31. Kxd3 e5 32. b4 Kd6 33.
Kc3 Be6 34. g5 fxg5 35. Kd3 g4 36. Ke3 a6 37. Kf2 b6 38. Kg3 h6 39. Kh4 a5 40.
bxa5 bxa5 41. Kg3 Kc5 42. Kf2 Kd4 43. Kg3 Kxe4 44. Kg2 Kd3 45. Kf2 e4 46. Kg3
e3 47. Kg2 e2 48. Kg3 e1=Q+ 49. Kh2 g3+ 50. Kg2 Qf2+ 51. Kh1 Qh2# {
EhrhardEmeric est échec et mat} 0-1

[Event "Champ FRA - Under 12"]
[Site "Europe Echecs"]
[Date "2020.07.08"]
[Round "6"]
[White "FlagielloFranc"]
[Black "CastagnerolThi"]
[Result "0-1"]
[WhiteElo "1293"]
[BlackElo "1165"]
[PlyCount "96"]
[EventDate "2020.??.??"]

1. e4 e5 2. Nf3 d6 3. d4 exd4 4. Nxd4 Nf6 5. Nc3 Be7 6. Bc4 Nbd7 7. Nf3 Nb6 8.
Bb3 Bg4 9. h3 Bh5 10. Be3 O-O 11. Bxb6 axb6 12. Qe2 Bg6 13. O-O-O h6 14. g4 Nh7
15. Rhe1 Ng5 16. Nh4 Bh7 17. Nf5 Bxf5 18. exf5 Bf6 19. h4 Nh7 20. h5 Re8 21.
Qc4 Bg5+ 22. Kb1 Re7 23. Nd5 Rxe1 24. Rxe1 Rc8 25. Nf4 Bxf4 26. Qxf4 Qf8 27.
Qc4 c6 28. Qb4 b5 29. a3 Nf6 30. Qf4 d5 31. Rh1 Nh7 32. Qe3 Re8 33. Qd3 Nf6 34.
f3 Rd8 35. Re1 c5 36. Qxb5 c4 37. Ba2 Rb8 38. b4 Qd6 39. Qc5 Qg3 40. Qe3 Re8
41. Qxe8+ Nxe8 42. Rxe8+ Kh7 43. Re7 Qxf3 44. Rxb7 d4 45. Rxf7 c3 46. Bc4 Qd1+
47. Ka2 Qxc2+ 48. Ka1 Qb2# {FlagielloFranc est échec et mat} 0-1

[Event "Champ FRA - Under 12"]
[Site "Europe Echecs"]
[Date "2020.07.08"]
[Round "6"]
[White "OstrovskiyVova"]
[Black "SaelenTitouan"]
[Result "1/2-1/2"]
[WhiteElo "1260"]
[BlackElo "1152"]
[PlyCount "91"]
[EventDate "2020.??.??"]

1. e4 c5 2. Nf3 Nc6 3. d4 cxd4 4. Nxd4 d6 5. Nc3 e5 6. Nxc6 bxc6 7. Be2 Nf6 8.
Bg5 Be7 9. O-O O-O 10. Bc4 Bb7 11. Bxf6 Bxf6 12. Qh5 g6 13. Qg4 Bg7 14. f4 Qb6+
15. Kh1 Qxb2 16. Ne2 Qxc2 17. Bb3 Qc5 18. fxe5 Bxe5 19. Rac1 Qa5 20. Qd7 Ba6
21. Bxf7+ Rxf7 22. Qxf7+ Kh8 23. Rf2 Bb2 24. Qe7 Qxa2 25. Rf8+ Rxf8 26. Qxf8+
Qg8 27. Qxg8+ Kxg8 28. Rc2 Ba3 29. Nd4 c5 30. Nf3 Bd3 31. Rc3 Bxe4 32. Rxa3 c4
33. Nd4 d5 34. Rxa7 c3 35. Kg1 c2 36. Rc7 Kf8 37. Nxc2 Ke8 38. Nd4 Kd8 39. Ne6+
Ke8 40. Rxh7 Bxg2 41. Kxg2 d4 42. Kf2 d3 43. Ke3 g5 44. Kd2 g4 45. Rg7 g3 46.
hxg3 {Nulle par pat} 1/2-1/2

[Event "Champ FRA - Under 12"]
[Site "Europe Echecs"]
[Date "2020.07.08"]
[Round "6"]
[White "DromardBenjami"]
[Black "AlsaiedZeina"]
[Result "1-0"]
[WhiteElo "1250"]
[BlackElo "1061"]
[PlyCount "53"]
[EventDate "2020.??.??"]

1. e4 e5 2. Nf3 Nc6 3. Bc4 Bc5 4. c3 d6 5. a4 a5 6. O-O Bg4 7. h3 Bh5 8. d3 h6
9. Nbd2 Nf6 10. Re1 O-O 11. Nf1 d5 12. exd5 Nxd5 13. Ng3 Bg6 14. Nxe5 Nxe5 15.
Rxe5 Nf6 16. Rxc5 b6 17. Re5 Nd7 18. Re1 Nc5 19. d4 Nb7 20. Bd3 Bxd3 21. Qxd3
Nc5 22. Qd1 Ne6 23. d5 Nc5 24. Be3 Nb7 25. Qg4 Qf6 26. Bd4 Qd6 27. Qxg7# {
AlsaiedZeina est échec et mat} 1-0

[Event "Champ FRA - Under 12"]
[Site "Europe Echecs"]
[Date "2020.07.08"]
[Round "6"]
[White "MindeBaptiste"]
[Black "TurcuLaura"]
[Result "1-0"]
[WhiteElo "1210"]
[BlackElo "1006"]
[PlyCount "65"]
[EventDate "2020.??.??"]

1. d4 d5 2. Nf3 Nc6 3. e3 Bf5 4. Bd3 Bxd3 5. Qxd3 Nf6 6. Ne5 e6 7. Qb5 a6 8.
Qxb7 Nxe5 9. dxe5 Ne4 10. Qc6+ Ke7 11. Nc3 Nxc3 12. Qxc3 Ke8 13. Qc6+ Ke7 14.
Bd2 g6 15. Bb4+ Qd6 16. exd6+ cxd6 17. Bxd6+ Kf6 18. Qxa8 Bxd6 19. Qxh8+ Ke7
20. Qxh7 Bb4+ 21. c3 Ba5 22. Qh4+ Kd6 23. O-O-O f5 24. f3 e5 25. e4 d4 26. exf5
gxf5 27. Qf6+ Kd5 28. b3 Kc5 29. b4+ Bxb4 30. cxb4+ Kc4 31. Qc6+ Kxb4 32. Kb2
a5 33. a3# {TurcuLaura est échec et mat} 1-0

[Event "Champ FRA - Under 12"]
[Site "Europe Echecs"]
[Date "2020.07.08"]
[Round "6"]
[White "FernandesMerle"]
[Black "MareauNoe"]
[Result "0-1"]
[WhiteElo "1461"]
[BlackElo "1071"]
[PlyCount "64"]
[EventDate "2020.??.??"]

1. e4 e5 2. Nf3 Nc6 3. Nc3 Nf6 4. Bc4 Nxe4 5. Nxe4 d5 6. Bd3 dxe4 7. Bxe4 Bd6
8. O-O O-O 9. d4 exd4 10. Kh1 Bg4 11. Qd3 h6 12. Bxc6 bxc6 13. Nxd4 Qh4 14. h3
Bd7 15. Nf5 Qf6 16. Nxd6 cxd6 17. c3 c5 18. Qg3 Bc6 19. Bf4 Rad8 20. Rad1 d5
21. Qe3 d4 22. cxd4 cxd4 23. Qd2 Qg6 24. Bg3 Qe4 25. Rg1 Rd7 26. Qd3 Qd5 27. b3
Rfd8 28. Bh4 Re8 29. f3 Re3 30. Qd2 Qh5 31. Bf2 Bxf3 32. gxf3 Qxh3# {
FernandesMerle est échec et mat} 0-1